[Event "GER-ch Net blitz qual1"]
[Site "Playchess.com INT"]
[Date "2021.04.24"]
[Round "2"]
[White "Gombert, Reiner"]
[Black "Hausmann, Heiko"]
[Result "1-0"]
[WhiteElo "1672"]
[BlackElo "1516"]
[PlyCount "103"]
[EventDate "2021.04.24"]
[EventType "swiss (blitz)"]
[EventRounds "11"]
[EventCountry "GER"]
[SourceTitle "CBM 202 Extra"]
[Source "ChessBase"]
[SourceDate "2021.07.31"]
[SourceVersion "1"]
[SourceVersionDate "2021.07.31"]
[SourceQuality "1"]

1. d4 d5 2. c4 Nf6 3. Nf3 e6 4. g3 Be7 5. Bg2 dxc4 6. 0-0 c6 7. Ne5 Nbd7 8. Nxc4 Qc7 9. Nc3 0-0 10. Bf4 Qd8 11. e4 Nb6 12. b3 Nxc4 13. bxc4 Qa5 14. Qb3 Nh5 15. Be3 Rd8 16. Rfd1 Bb4 17. Rac1 g6 18. h3 Rb8 19. a3 Bf8 20. Rd3 Qxa3 21. Qxa3 Bxa3 22. Ra1 Bc5 23. Kf1 a6 24. Ke2 Bf8 25. g4 Ng7 26. f4 b5 27. c5 b4 28. Na4 a5 29. Nb6 Ba6 30. Rxa5 Bxd3+ 31. Kxd3 b3 32. Kc3 e5 33. fxe5 Ne6 34. Ra4 Nxc5 35. dxc5 Bxc5 36. Bxc5 Rd1 37. Kxb3 Rb1+ 38. Kc4 Rc1+ 39. Kd4 Rd1+ 40. Ke3 Rc1 41. Nc4 Rb3+ 42. Kf4 h6 43. Ra8+ Kg7 44. Bf8+ Kh7 45. Nd6 g5+ 46. Kf5 Rc2 47. Nxf7 Rxg2 48. Nxh6 Rf2+ 49. Kxg5 Rxh3 50. Ra7+ Kh8 51. Bg7+ Kh7 52. Bf6# 1-0

[Event "GER-ch Net blitz qual1"]
[Site "Playchess.com INT"]
[Date "2021.04.24"]
[Round "3"]
[White "Hausmann, Heiko"]
[Black "Daeuber, Andreas"]
[Result "0-1"]
[WhiteElo "1516"]
[BlackElo "1705"]
[PlyCount "46"]
[EventDate "2021.04.24"]
[EventType "swiss (blitz)"]
[EventRounds "11"]
[EventCountry "GER"]
[SourceTitle "CBM 202 Extra"]
[Source "ChessBase"]
[SourceDate "2021.07.31"]
[SourceVersion "1"]
[SourceVersionDate "2021.07.31"]
[SourceQuality "1"]

1. e4 e5 2. Nf3 d6 3. d4 exd4 4. c3 dxc3 5. Bc4 Be7 6. Nxc3 Nf6 7. Qc2 0-0 8. Bf4 Nc6 9. Rd1 Bg4 10. e5 Nh5 11. exd6 Bxd6 12. Bxd6 cxd6 13. 0-0 Bxf3 14. gxf3 Ne5 15. Qe4 Nxc4 16. Qxc4 Qg5+ 17. Kh1 Rac8 18. Qd4 Qf5 19. Rd3 Nf4 20. Rg1 g6 21. Re3 Nh3 22. Rg2 Rxc3 23. bxc3 Qb1+ 0-1

[Event "GER-ch Net blitz qual1"]
[Site "Playchess.com INT"]
[Date "2021.04.24"]
[Round "1"]
[White "Hausmann, Heiko"]
[Black "Engel, Frank"]
[Result "0-1"]
[WhiteElo "1516"]
[BlackElo "1804"]
[PlyCount "58"]
[EventDate "2021.04.24"]
[EventType "swiss (blitz)"]
[EventRounds "11"]
[EventCountry "GER"]
[SourceTitle "CBM 202 Extra"]
[Source "ChessBase"]
[SourceDate "2021.07.31"]
[SourceVersion "1"]
[SourceVersionDate "2021.07.31"]
[SourceQuality "1"]

1. e4 c5 2. Nf3 d6 3. g3 Nc6 4. Bg2 g6 5. 0-0 Bg7 6. c3 e5 7. d3 Nge7 8. Nbd2 0-0 9. Re1 Bg4 10. Qc2 Qd7 11. Nf1 Bh3 12. Bh1 Rab8 13. Ng5 Bxf1 14. Kxf1 h6 15. Nf3 Kh7 16. Be3 f5 17. exf5 Nxf5 18. Qa4 a6 19. Bg2 Qf7 20. Rad1 g5 21. Qc2 g4 22. Ng1 Nce7 23. d4 cxd4 24. cxd4 Rbc8 25. Qd3 Kh8 26. dxe5 Nxe3+ 27. Qxe3 dxe5 28. Ne2 Nf5 29. Bd5 Nxe3+ 0-1

[Event "GER-ch Net Amateur Gr-C Final"]
[Site "Playchess.com INT"]
[Date "2020.04.18"]
[Round "8"]
[White "Roos Nazario, Valentin1111"]
[Black "Hausmann, Heiko"]
[Result "1-0"]
[WhiteElo "1437"]
[BlackElo "1543"]
[PlyCount "67"]
[EventDate "2020.04.18"]
[EventType "swiss (blitz)"]
[EventRounds "13"]
[EventCountry "GER"]
[SourceTitle "CBM 195 Extra"]
[Source "ChessBase"]
[SourceDate "2020.05.31"]
[SourceVersion "1"]
[SourceVersionDate "2020.05.31"]
[SourceQuality "1"]

1. e4 d5 2. exd5 Qxd5 3. Nc3 Qa5 4. d4 c6 5. Nf3 Nf6 6. Bc4 Bf5 7. 0-0 e6 8. Bf4 Bb4 9. Ne2 Qd8 10. c3 Bd6 11. Bxd6 Qxd6 12. Ng3 Bg6 13. Ne5 Nbd7 14. Re1 0-0-0 15. Qb3 Nb6 16. Rac1 Nxc4 17. Qxc4 Nd5 18. Qa4 Kb8 19. Ne4 Qc7 20. Nc5 Nb6 21. Qb3 f6 22. Nf3 Rd6 23. Nxe6 Qd7 24. Nc5 Qf5 25. a4 Bh5 26. a5 Bxf3 27. gxf3 Qg5+ 28. Kf1 Qf5 29. axb6 Qh3+ 30. Ke2 Re8+ 31. Kd2 Qh6+ 32. Re3 axb6 33. Qxb6 Re7 34. Qa5 1-0

[Event "GER-ch Net Amateur Gr-C Vor3"]
[Site "Playchess.com INT"]
[Date "2020.04.16"]
[Round "2"]
[White "Hausmann, Heiko"]
[Black "Ruddat, Jarne"]
[Result "1-0"]
[WhiteElo "1509"]
[BlackElo "1659"]
[PlyCount "86"]
[EventDate "2020.04.16"]
[EventType "swiss (blitz)"]
[EventRounds "9"]
[EventCountry "GER"]
[SourceTitle "CBM 195 Extra"]
[Source "ChessBase"]
[SourceDate "2020.05.31"]
[SourceVersion "1"]
[SourceVersionDate "2020.05.31"]
[SourceQuality "1"]

1. e4 c5 2. Nf3 g6 3. d3 Bg7 4. g3 e6 5. Bg2 Ne7 6. Nbd2 0-0 7. c3 d5 8. Qc2 Nbc6 9. 0-0 b5 10. Re1 c4 11. Nf1 Qc7 12. exd5 exd5 13. Bf4 cxd3 14. Qxd3 Qd7 15. Qxb5 a6 16. Qd3 a5 17. Rad1 Ba6 18. Qd2 Qb7 19. Bd6 Rfe8 20. Bf4 Rad8 21. h3 Bc4 22. b3 Ba6 23. Qc2 Rc8 24. a3 h6 25. Ne5 Nxe5 26. Bxe5 f6 27. Bd4 Nf5 28. Rxe8+ Rxe8 29. h4 Rc8 30. Qd2 Qxb3 31. Bxf6 Bxf1 32. Bxd5+ Qxd5 33. Qxd5+ Kh7 34. Bxg7 Kxg7 35. Kxf1 Rf8 36. Qd7+ Kg8 37. Rd5 Ne3+ 38. Ke2 Nxd5 39. Qxd5+ Kg7 40. Qxa5 Re8+ 41. Kf1 Rc8 42. Qe5+ Kf7 43. a4 Rc4 1-0

[Event "GER OS-165 email"]
[Site "GER email"]
[Date "2011.05.04"]
[Round "?"]
[White "Hausmann, Heiko"]
[Black "Jaeger, Willy"]
[Result "1-0"]
[WhiteElo "1613"]
[BlackElo "1652"]
[PlyCount "87"]
[EventDate "2011.05.10"]
[EventType "tourn (corr)"]
[EventRounds "6"]
[EventCountry "GER"]
[SourceTitle "Corr 2015"]
[Source "ChessBase"]
[SourceDate "2015.07.17"]
[SourceVersion "1"]
[SourceVersionDate "2015.07.17"]
[SourceQuality "1"]
[WhiteTeam "Germany"]
[BlackTeam "Germany"]
[WhiteTeamCountry "GER"]
[BlackTeamCountry "GER"]

1. e4 e5 2. d4 exd4 3. Nf3 Nc6 4. Nxd4 Nf6 5. Nxc6 bxc6 6. Nc3 Bc5 7. Bd3 0-0 8. 0-0 Re8 9. Na4 Bd6 10. Re1 Rb8 11. b3 g6 12. Bg5 Be7 13. Rb1 d6 14. f3 Nd7 15. Bxe7 Qxe7 16. Qd2 Nb6 17. Nb2 Qe5 18. c3 Be6 19. f4 Qf6 20. e5 dxe5 21. fxe5 Qe7 22. c4 Qc5+ 23. Kh1 Rbd8 24. Qf4 Rd4 25. Re4 Rd7 26. Qh6 Red8 27. Rh4 Qxe5 28. Qxh7+ Kf8 29. Qh6+ Ke7 30. Qd2 Qf6 31. Rf4 Qe5 32. Re4 Qf6 33. Qb4+ Rd6 34. Qa3 Nd7 35. Qxa7 Kf8 36. Qa5 Kg7 37. a4 c5 38. Qe1 Rb8 39. Bc2 Rd2 40. Qxd2 c6 41. Rf4 Qe7 42. Re1 Kg8 43. Rff1 Rd8 44. Qh6 1-0

[Event "GER OS-165 email"]
[Site "GER email"]
[Date "2011.05.04"]
[Round "?"]
[White "Stevens, Michael"]
[Black "Hausmann, Heiko"]
[Result "1/2-1/2"]
[WhiteElo "1445"]
[BlackElo "1613"]
[PlyCount "49"]
[EventDate "2011.05.10"]
[EventType "tourn (corr)"]
[EventRounds "6"]
[EventCountry "GER"]
[SourceTitle "Corr 2015"]
[Source "ChessBase"]
[SourceDate "2015.07.17"]
[SourceVersion "1"]
[SourceVersionDate "2015.07.17"]
[SourceQuality "1"]
[WhiteTeam "Germany"]
[BlackTeam "Germany"]
[WhiteTeamCountry "GER"]
[BlackTeamCountry "GER"]

1. d4 d5 2. c4 c6 3. Nf3 Nf6 4. cxd5 cxd5 5. Nc3 e6 6. Bf4 Nc6 7. e3 Bd6 8. Bxd6 Qxd6 9. Bd3 0-0 10. 0-0 Bd7 11. Rc1 Rac8 12. a3 a6 13. Re1 Rfe8 14. e4 e5 15. dxe5 Nxe5 16. Nxe5 Rxe5 17. exd5 Rxe1+ 18. Qxe1 Ng4 19. g3 Qh6 20. h4 Re8 21. Qd1 Re3 22. Rc2 Re8 23. Re2 Rd8 24. Qc2 Nf6 25. Re7 1/2-1/2

[Event "LSS SE-2009-0-00024"]
[Site "LSS email"]
[Date "2009.06.16"]
[Round "?"]
[White "Hausmann, Heiko"]
[Black "De la Pena Balbuena, Isaias"]
[Result "1/2-1/2"]
[WhiteElo "1599"]
[BlackElo "1358"]
[PlyCount "49"]
[EventDate "2009.05.05"]
[EventType "tourn (corr)"]
[EventRounds "6"]
[EventCountry "GER"]
[SourceTitle "Telechess CBM 147"]
[Source "ChessBase"]
[SourceDate "2012.03.16"]
[SourceVersion "1"]
[SourceVersionDate "2012.03.16"]
[SourceQuality "1"]

1. d4 Nf6 2. c4 g6 3. Nf3 Bg7 4. Nc3 0-0 5. e4 d6 6. Be2 e5 7. 0-0 Nc6 8. dxe5 dxe5 9. Bg5 Bg4 10. Qxd8 Raxd8 11. Nd5 Nxe4 12. Bxd8 Rxd8 13. Rad1 Rd7 14. Ne3 Be6 15. Rxd7 Bxd7 16. Nd5 Nc5 17. b4 Ne6 18. Bd1 Ncd4 19. Re1 Nxf3+ 20. Bxf3 f5 21. Be2 e4 22. c5 c6 23. Ne3 Kf7 24. Bc4 Bc3 25. Rb1 1/2-1/2